| 000 | 00538nam a2200157 a 4500 | ||
|---|---|---|---|
| 001 | 000037708 | ||
| 005 | 20240305131952.0 | ||
| 008 | 121115s2012 dr ac 000 0 spa d | ||
| 020 | _a9789945164992 | ||
| 040 |
_aDO-SdBNP _bspa _cBNPHU |
||
| 100 | 1 |
_aPaulino Martínez, Rafael _964167 |
|
| 245 | 1 | 0 |
_aPerfil sociológico de un monarca en el estado dominicano / _cRafael Pulino Martínez. |
| 260 |
_aSanto Domingo : _bBúho, _c2012. |
||
| 300 |
_a74 p. : _bil., retr. ; _c23 cm. |
||
| 500 | _aIncluye datos biográficos del autor en las solapas | ||
| 999 |
_c37198 _d37198 |
||